000 00775cab a2200253 4500
001 WB3045-74
008 090401t1994 xxu||||| |||| 00| 0 eng d
035 _a(Sirsi) u16767
041 _aeng
245 _aFarmers fail to reap tree profits
260 _c1994
350 _a0
490 _aFinancial Times
_v1 December 1994, 11(1)
520 _aFarmers in some areas could earn up to £300 a hectare more from forestry than from agriculture according to a study by the Forestry Industry Committee of Great Britain.
650 _aECONOMICS
650 _aFARM INCOMES
650 _aFORESTRY INDUSTRY COMMISSION
650 _aFORESTRY INVESTMENT
650 _aFORESTRY
650 _aSUBSIDIES
690 _aRURAL PRACTICE
942 _n0
948 _c04/03/1997
999 _c11087
_d11087